000 00483nam a2200181Ia 4500
005 20250326124203.0
008 250326s9999 xx 000 0 und d
037 _aTextbook
040 _aFMSL
_beng
_cFMSL
041 _aeng
_2eng
084 _aX:51 K8;4
_qFMSL
100 _aGraves R
_9133183
245 0 _aMore about creating customers
_cGraves R
260 _aSydney
_bSydney, West
_c1968
300 _a218p
942 _cTB
_hX:51 K8;4
999 _c1272646
_d1272646